000 00666nam a2200181Ia 4500
008 090123s9999 xx 000 0 und d
082 _b6982
100 _aगाडगीळ अमरेंद्र लक्ष्मण
245 _aमी आहोरचा किल्ला
250 _a1
260 _bव्होरा ना.गो.
300 _a54
600 _aगाडगीळ अमरेंद्र लक्ष्मण
630 _aमी आहोरचा किल्ला
700 _aगाडगीळ अमरेंद्र लक्ष्मण
730 _aमी आहोरचा किल्ला
942 _cBOOK
999 _c45047
_d45047